Facilities management for the property profession (Record no. 85358)

MARC details
000 -LEADER
fixed length control field 01179cgm a2200325 4500
001 - CONTROL NUMBER
control field ##J86858
008 - FIXED-LENGTH DATA ELEMENTS--GENERAL INFORMATION
fixed length control field 090401t1997 xxu||||| |||| 00| 0 eng d
035 ## - SYSTEM CONTROL NUMBER
System control number (Sirsi) u81253
041 0# - LANGUAGE CODE
Language code of text/sound track or separate title eng
050 04 - LIBRARY OF CONGRESS CALL NUMBER
Classification number 658.2 $2 18
100 1# - MAIN ENTRY--PERSONAL NAME
Personal name Owen, David
245 00 - TITLE STATEMENT
Title Facilities management for the property profession
Medium [sound recording]
260 ## - PUBLICATION, DISTRIBUTION, ETC.
Place of publication, distribution, etc. London
Name of publisher, distributor, etc. RICS
Date of publication, distribution, etc. 1997
300 ## - PHYSICAL DESCRIPTION
Extent 1
Type of unit audiocassette (60 min.)
350 ## - PRICE (NR) (BK AM CF MU VM SE) [OBSOLETE]
Price 14.10
490 #0 - SERIES STATEMENT
Series statement Owlion Audio Programme
520 ## - SUMMARY, ETC.
Summary, etc. Provides an overview of the concept of facilities management including the roles of the user and the service provider. Looks into the added value of facilities management for all concerned as well as the range of opportunities that are open to chartered surveyors.
520 ## - SUMMARY, ETC.
Summary, etc. Withdrawn 1 October 2006.
651 #4 - SUBJECT ADDED ENTRY--GEOGRAPHIC NAME
Geographic name United Kingdom
Chronological subdivision
690 ## - LOCAL SUBJECT ADDED ENTRY--TOPICAL TERM (OCLC, RLIN)
Topical term or geographic name as entry element MANAGEMENT-FACILITIES MANAGEMENT
700 1# - ADDED ENTRY--PERSONAL NAME
Personal name Guscott, Fred
700 1# - ADDED ENTRY--PERSONAL NAME
Personal name Hennessy, Frank
700 1# - ADDED ENTRY--PERSONAL NAME
Personal name Middleton, Tony
700 1# - ADDED ENTRY--PERSONAL NAME
Personal name Mulroy, James
700 1# - ADDED ENTRY--PERSONAL NAME
Personal name Russell, Philip
710 2# - ADDED ENTRY--CORPORATE NAME
Corporate name or jurisdiction name as entry element Royal Institution of Chartered Surveyors
9 (RLIN) 4900
710 2# - ADDED ENTRY--CORPORATE NAME
Corporate name or jurisdiction name as entry element College of Estate Management
9 (RLIN) 400
942 ## - ADDED ENTRY ELEMENTS (KOHA)
Suppress in OPAC 0
948 ## - LOCAL PROCESSING INFORMATION (OCLC); SERIES PART DESIGNATOR (RLIN)
c (OCLC) 06/10/1997
Holdings
Withdrawn status Lost status Source of classification or shelving scheme Damaged status Not for loan Home library Current library Shelving location Date acquired Cost, normal purchase price Total Checkouts Full call number Barcode Date last seen Date last checked out Copy number Cost, replacement price Price effective from Koha item type
    Dewey Decimal Classification     London London Enquiry desk 14/09/1999 14.10 12 ENQUIRY DESK 30054022 06/08/2019 08/02/2006 1 14.10 06/08/2019 Audio